UBT Library

ELECTRICITY IN THE HOME AND ON THE FARM (Record no. 38393)

000 -LEADER
fixed length control field 00282nam a22001217a 4500
008 - FIXED-LENGTH DATA ELEMENTS--GENERAL INFORMATION
fixed length control field 171123b xxu||||| |||| 00| 0 eng d
041 ## - LANGUAGE CODE
Language code of text/sound track or separate title eng
080 ## - UNIVERSAL DECIMAL CLASSIFICATION NUMBER
Edition identifier 3RD
Universal Decimal Classification number 62
100 ## - Rafti
Rafti 26
101 ## - Shkurtesa
Shkurtesa IM
245 ## - TITLE STATEMENT
Title ELECTRICITY IN THE HOME AND ON THE FARM
Statement of responsibility, etc WRIGHT,F.B
942 ## - ADDED ENTRY ELEMENTS (KOHA)
Source of classification or shelving scheme
Item type Books

No items available.

UBT Library © 2015-2024. All rights reserved University Education for Business and Technology